Gas turbine theory / (Record no. 168663)

MARC details
000 -LEADER
fixed length control field 00755nam a22002537a 4500
005 - DATE AND TIME OF LATEST TRANSACTION
control field 20191018153220.0
010 ## - LCCN (DPL NO)
LC control number ENG-126705
020 ## - INTERNATIONAL STANDARD BOOK NUMBER
International Standard Book Number 9789389342215
Terms of availability 699.00
035 ## - SYSTEM CONTROL NUMBER
System control number EN-110237
037 ## - SOURCE OF ACQUISITION
Source of stock number/acquisition DBAD/PUB
082 ## - DEWEY DECIMAL CLASSIFICATION NUMBER
Classification number 621.433
100 ## - MAIN ENTRY--PERSONAL NAME
Personal name Saravanamuttoo, H.I.H.
245 ## - TITLE STATEMENT
Title Gas turbine theory /
Statement of responsibility, etc by H.I.H.Saravanamuttoo...[et all]
250 ## - EDITION STATEMENT
Edition statement 7th ed.
260 ## - PUBLICATION, DISTRIBUTION, ETC. (IMPRINT)
Place of publication, distribution, etc Delhi
Name of publisher, distributor, etc PHI Learning
Date of publication, distribution, etc 2019
270 ## - ADDRESS
Address Rimjhim House,111, Patparganj Industrial Estate
City Delhi
Postal code 110092
300 ## - PHYSICAL DESCRIPTION
Extent xii;606
Dimensions 23cm(pbk)
500 ## - GENERAL NOTE
General note Includes bibliographical references and index
700 ## - ADDED ENTRY--PERSONAL NAME
Personal name Rogers, G.F.C.
700 ## - ADDED ENTRY--PERSONAL NAME
Personal name Cohen, H.
700 ## - ADDED ENTRY--PERSONAL NAME
Personal name Straznicky, P.V.
700 ## - ADDED ENTRY--PERSONAL NAME
Personal name Nix, A.C.
942 ## - ADDED ENTRY ELEMENTS (KOHA)
Source of classification or shelving scheme Dewey Decimal Classification
Item type English Books
Classification part 621.433
Call number suffix AHU
Holdings
Withdrawn status Lost status Not for loan Collection code Home library Current library Date acquired Source of acquisition Cost, normal purchase price Full call number Barcode Copy number Cost, replacement price Koha item type
      Non-fiction Central Library Central Library 18/10/2019 DBAD/PUB 699.00 621.433 AHU EN-110237 1 699.00 English Books

© Delhi Public Library
Hit Counter
free hit counter